Tableaux de Vincent Van Gogh - Mort subite - Statistiques

Statistiques générales
  • Ce quiz a été pris 264 fois
  • Le résultat moyen est 5 sur 14
Answers on the Grid
Answers color-coded by a green-red scale on the quiz's grid according to % correct below.
Racines d’arbres
Terrasse du café le soir
La Danse
La Nuit étoilée
Les Oliviers
Impression, soleil levant
Les Iris
Les Coquelicots
Le Baiser
Le Café de nuit
Un dimanche après-midi à la Grande Jatte
Autoportrait à l’oreille bandée
Le Cri
Les Tournesols
Pont de Langlois à Arles
L’Église d’Auvers-sur-Oise
Les Mangeurs de pommes de terre
Bal du moulin de la Galette
La Chambre à Arles
La Méridienne
Le Rêve
Nature morte aux chaussures
Les Joueurs de cartes
L'Origine du monde
 
Statistiques - réponses
Réponse % Correct
La Nuit étoilée
91%
Les Tournesols
63%
Autoportrait à l’oreille bandée
49%
Terrasse du café le soir
49%
La Chambre à Arles
48%
L’Église d’Auvers-sur-Oise
36%
Les Iris
33%
Le Café de nuit
31%
Pont de Langlois à Arles
29%
Racines d’arbres
26%
Les Mangeurs de pommes de terre
23%
Les Oliviers
22%
Nature morte aux chaussures
21%
La Méridienne
11%
Aucun quiz correspondant
Distribution des résultats
% des personnes avec chaque résultat
Percentile par nombre de réponses
Votre historique - résultats
Vous n’avez pas pris ce quiz